00959nam a22002657a 45000010005000000030006000050050017000110080041000280200018000690400023000870500018001100820009001281000034001372450080001712500041002512600041002923000058003335050007003915200180003985210018005785210018005966500022006146500023006367000034006597755FISKH20250820093123.0250805b cb ||||| |||| 00| 0 eng d a9780618250776 aDLCcDLCdDLCbeng aPZ8.P558676 R a 5131 aPinczes, Elinor Jd (–2021)12aA remainder of one /cBy Elinor J. Pinczes ; illustrated by Bonnie MacKain. aThis edition first published in 1995 aNew York :bHoughton Mifflin,c1995. a30 unnumberpages :bcolor illustrations ;c21 x 23 cm aP  aWhen the queen of the bugs demands that her army march in even lines, Private Joe divides the marchers into more and more lines so that he will not be left out of the parade. 8 a640 bLexile 8 aP bRaz-Plus  1aInsectsxFiction. 1aDivisionxFiction.1 aMacKain, Bonnie,eillustrator